Reading Understanding and Applying Nursing Research (Record no. 156564)
[ view plain ]
| 000 -LEADER | |
|---|---|
| fixed length control field | 00412nam a2200145Ia 4500 |
| 008 - FIXED-LENGTH DATA ELEMENTS--GENERAL INFORMATION | |
| fixed length control field | 230411s9999 xx 000 0 und d |
| 020 ## - INTERNATIONAL STANDARD BOOK NUMBER | |
| International Standard Book Number | 978-81-8448-668-1 |
| 041 ## - LANGUAGE CODE | |
| Language code of text/sound track or separate title | eng |
| 082 ## - DEWEY DECIMAL CLASSIFICATION NUMBER | |
| Classification number | R/610.724/FAI/B06129 |
| 100 ## - MAIN ENTRY--PERSONAL NAME | |
| Personal name | Fain James |
| 9 (RLIN) | 178915 |
| 245 ## - TITLE STATEMENT | |
| Title | Reading Understanding and Applying Nursing Research |
| 260 ## - PUBLICATION, DISTRIBUTION, ETC. (IMPRINT) | |
| Name of publisher, distributor, etc. | F A Davis Company |
| Place of publication, distribution, etc. | Philadelphia |
| Date of publication, distribution, etc. | 2009 |
| 300 ## - PHYSICAL DESCRIPTION | |
| Extent | 292p |
| Withdrawn status | Lost status | Damaged status | Not for loan | Collection code | Home library | Current library | Date acquired | Vendor | Cost, normal purchase price | Bill number | Total Checkouts | Full call number | Barcode | Date last seen | Cost, replacement price | Bill Date | Koha item type | Original Barcode |
|---|---|---|---|---|---|---|---|---|---|---|---|---|---|---|---|---|---|---|
| Smt. Bakul Tambat Institute of Nursing Education | Smt. Bakul Tambat Institute of Nursing Education | 11/02/2010 | Jaypee Brothers Medical Publishers | 295.00 | 5499 | R 610.724 FAI B06129 | BTIN-BK-6129 | 11/04/2023 | 214.00 | 11/02/2010 | Books | B06129 |